000 00232 a2200109 4500
001 68603
040 _cAnchieta - Itaigara
240 1 0 _aOs deuses gregos
_l
245 1 0 _aOs deuses gregos
650 4 _aGeografia e viagens
942 _cMX
999 _c68603
_d68603